| 000 | 02801nam a2200313Ia 4500 | ||
|---|---|---|---|
| 003 | CO-CtgCURN | ||
| 005 | 20250410220219.0 | ||
| 008 | 220303s2021 xx 000 0 und d | ||
| 020 | _a9789585030664 | ||
| 040 |
_aCO-CtgCURN _bspa _ccoctgcurn |
||
| 082 |
_a010.72 _bV433 |
||
| 100 |
_aVelasco Ponce, Arely _eautora |
||
| 245 | 0 |
_aManual para elaborar citas y referencias en formato APA : _bbasado en la 7a edición de las normas APA / _cArely Velasco Ponce; prólogo., Mario Muñoz González |
|
| 250 | _a1 edición | ||
| 260 |
_aBogotá, Colombia : _bEcoe Ediciones, _c2021 |
||
| 300 |
_a124 páginas : _bimágenes, tablas ; _c21 centímetros |
||
| 490 | _aEducación y Pedagogía. Pedagogía | ||
| 500 | _aIncluye introducción, prólogo e índices | ||
| 504 | _aIncluye referencias bibliográficas (p. [119]-124 | ||
| 505 | _aCap. 1. ¿Qué es y para que sirve el formato APA? -- Generalidades de las normas APA -- Adecuaciones al español -- Principales cambios en la 7a edición -- Abreviaturas -- Cap. 2. Citas textuales y no textuales -- Elementos básicos de las citas y referencias -- Responsable -- Fecha -- Título -- Fuente -- ¿Qué son las citas? -- Cita directa corta parentética -- Cita directa corta narrativa -- Cita directa en bloque parentética -- Cita directa en bloque narrativa -- Cita directa parentética -- Cita indirecta narrativa -- Cita de un material mas de una vez -- Citación de fuentes con mas de un autor -- Citación de fuentes secundarias -- Citación de tablas, figuras e ilustraciones -- Citación de fuentes no accesibles -- Citación de fuentes audiovisuales -- Citación de obras religiosas -- Citación de un conjunto de datos -- Cap. 3. Referencias, estructura y ejemplos -- Construcción de la lista de referencias -- Grupos y subgrupos de referencias -- Lista de referencias. | ||
| 520 | _aEste manual, compuesto por tres capítulos, explica paso a paso como elaborar adecuadamente citas y referencias en formato APA teniendo en cuenta los soportes documentales mas consultados, todo según los parámetros de la séptima edición. La obra facilita la comprensión de los elementos al utilizar un método de colores asignado a cada uno de ellos y presentando ejemplos y ejercicios para cada tema. Esta dirigido a docentes, bibliotecas, alumnos y todos aquellos que por sus actividades académicas o de investigación tengan la necesidad de utilizar el formato APA, ya sea para enseñar o para la construccion de trabajos porpios. | ||
| 521 | _aAREA BASICA | ||
| 590 | _aPrograma de Derecho_18 | ||
| 650 | _aBibliografía | ||
| 650 | _aCitas bibliográficas | ||
| 700 |
_aMuñoz González, Mario _eprólogo |
||
| 942 |
_cBK _h010.72 _iV433 _01 _2ddc _n0 |
||
| 999 |
_c30741 _d30741 |
||